Giáo trình thủy văn công trình
Sách giới thiệu những khái niệm cơ bản về thủy văn sông ngòi; cơ sở và phương pháp tính các đặc trưng thủy văn thiết kế điều tiết dòng chảy phục vụ cho quy hoạch, thiết kế, thi công và sử dụng các công trình; những ứng dụng cụ thể tron...
Na minha lista:
| Autor principal: | |
|---|---|
| Formato: | Livro |
| Idioma: | Undetermined |
| Publicado em: |
Hà Nội
Khoa học và Kỹ thuật
1998
|
| Assuntos: | |
| Tags: |
Adicionar Tag
Sem tags, seja o primeiro a adicionar uma tag!
|
| Thư viện lưu trữ: | Trung tâm Học liệu Trường Đại học Cần Thơ |
|---|
| LEADER | 01202nam a2200205Ia 4500 | ||
|---|---|---|---|
| 001 | CTU_37172 | ||
| 008 | 210402s9999 xx 000 0 und d | ||
| 020 | |c 25000 | ||
| 082 | |a 627.1 | ||
| 082 | |b C561 | ||
| 100 | |a Nguyễn, Khắc Cường | ||
| 245 | 0 | |a Giáo trình thủy văn công trình | |
| 245 | 0 | |c Nguyễn Khắc Cường | |
| 260 | |a Hà Nội | ||
| 260 | |b Khoa học và Kỹ thuật | ||
| 260 | |c 1998 | ||
| 520 | |a Sách giới thiệu những khái niệm cơ bản về thủy văn sông ngòi; cơ sở và phương pháp tính các đặc trưng thủy văn thiết kế điều tiết dòng chảy phục vụ cho quy hoạch, thiết kế, thi công và sử dụng các công trình; những ứng dụng cụ thể trong tính toán thiết kế đối với một số công trình thủy lợi, giao thông và xây dựng dân dụng; quản lý chất lượng và bảo vệ môi trường nước. | ||
| 650 | |a Hydraulic engineering,Hydrographic surveying,Hydrology | ||
| 904 | |i Minh | ||
| 980 | |a Trung tâm Học liệu Trường Đại học Cần Thơ | ||